[Event "Telford 4NCL U1825 op"]
[Site "Telford"]
[Date "2018.11.02"]
[Round "4"]
[White "Pert, Max P"]
[Black "Fancourt, Leslie J"]
[Result "0-1"]
[WhiteElo "1393"]
[BlackElo "1570"]
[PlyCount "84"]
[EventDate "2018.10.31"]
[EventType "swiss"]
[EventRounds "9"]
[EventCountry "ENG"]
[SourceTitle "CBM 187 Extra"]
[Source "ChessBase"]
[SourceDate "2018.11.04"]
[SourceVersion "1"]
[SourceVersionDate "2018.11.04"]
[SourceQuality "1"]

1. d4 f5 2. Bg5 g6 3. Nc3 d5 4. Nf3 Nc6 5. e3 Bg7 6. Bb5 Bd7 7. Nxd5 a6 8. Bxc6 Bxc6 9. Nc3 Nf6 10. 0-0 0-0 11. Ne5 Qd6 12. Qd3 Ne4 13. Qc4+ Kh8 14. Nf7+ Rxf7 15. Qxf7 Nxg5 16. Qb3 e6 17. Rad1 Rd8 18. Ne2 Bd5 19. c4 Bc6 20. Nf4 b5 21. c5 Qe7 22. h4 Ne4 23. Qxe6 Qe8 24. b3 Nc3 25. Rd2 Ne4 26. Rd3 Bh6 27. d5 Bxf4 28. Qxe8+ Bxe8 29. exf4 Nxc5 30. Rc3 Rxd5 31. Re1 Bf7 32. Re7 b4 33. Rc4 Rd1+ 34. Kh2 Bxc4 35. Rxc7 Bxb3 36. Rxc5 Bxa2 37. Ra5 b3 38. Rxa6 b2 39. Rxa2 b1Q 40. Ra8+ Kg7 41. f3 Rh1+ 42. Kg3 Qe1# 0-1

[Event "Telford 4NCL U1825 op"]
[Site "Telford"]
[Date "2018.10.31"]
[Round "1"]
[White "Fancourt, Leslie J"]
[Black "Mellor, Peter"]
[Result "0-1"]
[WhiteElo "1570"]
[BlackElo "1427"]
[PlyCount "80"]
[EventDate "2018.10.31"]
[EventType "swiss"]
[EventRounds "9"]
[EventCountry "ENG"]
[SourceTitle "CBM 187 Extra"]
[Source "ChessBase"]
[SourceDate "2018.11.04"]
[SourceVersion "1"]
[SourceVersionDate "2018.11.04"]
[SourceQuality "1"]

1. e4 g6 2. d4 Bg7 3. Nf3 d6 4. c3 Nf6 5. Bd3 0-0 6. Bg5 Nh5 7. Qd2 Nc6 8. Na3 f6 9. Bh4 e5 10. Bc4+ Kh8 11. Nc2 Nf4 12. 0-0 Bh6 13. Ne3 Qe8 14. Qe1 exd4 15. Nd5 Nxd5 16. Bxd5 Ne5 17. Nxd4 c6 18. Bb3 c5 19. Ne2 Nd3 20. Qb1 Qxe4 21. Ng3 Qxh4 22. Qxd3 Bf4 23. Rfe1 Be5 24. Re4 Qh6 25. Qc4 f5 26. Rh4 Qg7 27. f4 Bf6 28. Rh3 Qc7 29. Qd5 Qb6 30. Kh1 Qc7 31. Rd1 Re8 32. Bc4 Rd8 33. Re1 Rb8 34. Nf1 b5 35. Rhe3 bxc4 36. Re8+ Rxe8 37. Rxe8+ Kg7 38. Qg8+ Kh6 39. Ng3 Rxb2 40. Qxc4 Qb7 0-1